LEADER 01083nam a22003015i 4500 001 991002203319707536 007 cr nn 008mamaa 008 121227s1984 gw | s |||| 0|eng d 020 $a9783540391272 035 $ab14137331-39ule_inst 040 $aBibl. Dip.le Aggr. Matematica e Fisica - Sez. Matematica$beng 082 04$a512$223 084 $aAMS 05C20 084 $aAMS 15A30 100 1 $aRingel, Claus Michael$058595 245 10$aTame algebras and integral quadratic forms$h[e-book] /$cby Claus Michael Ringel 260 $aBerlin :$bSpringer,$c1984 300 $a1 online resource (xvi, 380 p.) 440 0$aLecture Notes in Mathematics,$x0075-8434 ;$v1099 650 0$aMathematics 650 0$aAlgebra 773 0 $aSpringer eBooks 856 40$uhttp://dx.doi.org/10.1007/BFb0072870$zAn electronic book accessible through the World Wide Web 907 $a.b14137331$b03-03-22$c05-09-13 912 $a991002203319707536 996 $aTame algebras and integral quadratic forms$978509 997 $aUNISALENTO 998 $ale013$b05-09-13$cm$d@ $e-$feng$ggw $h0$i0 LEADER 01984nam 2200457I 450 001 9910707645203321 005 20161004115803.0 035 $a(CKB)5470000002466087 035 $a(OCoLC)959836065 035 $a(EXLCZ)995470000002466087 100 $a20161004j198610 ua 0 101 0 $aeng 135 $aur||||||||||| 181 $ctxt$2rdacontent 182 $cc$2rdamedia 183 $acr$2rdacarrier 200 10$aAssessment study of RELAP5/MOD2 against 25 dryout experiments conducted at the Royal Institute of Technology /$fprepared by A. Sjoberg, D. Caraher 210 1$aWashington, DC :$cOffice of Nuclear Regulatory Research, U.S. Nuclear Regulatory Commission,$dOctober 1986. 215 $a1 online resource (41, 23 unnumbered pages) $cillustrations 225 1 $aInternational agreement report ;$vNUREG/IA-0009 300 $a"Swedish Nuclear Power Inspectorate." 300 $a"October 1986." 300 $a"Prepared as part of the Agreement on Research Participation and Technical Exchange under the International Thermal-Hydraulic Code Assessment and Application Program (ICAP)." 300 $a"STUDSVIK/NP-86/66"--Bibliographic data sheet. 300 $a"Technical report"--Bibliographic data sheet. 320 $aIncludes bibliographical references (page 41). 517 1 $aStudsvik energiteknik AB 517 3 $aAssessment study of RELAP5/MOD2, against twenty five dryout experiments conducted at the Royal Institute of Technology 606 $aNuclear reactors$xCooling 606 $aPressurized water reactors$xControl 615 0$aNuclear reactors$xCooling. 615 0$aPressurized water reactors$xControl. 700 $aSjoberg$b A.$01419920 702 $aCaraher$b D$g(David), 712 02$aU.S. Nuclear Regulatory Commission.$bOffice of Nuclear Regulatory Research, 801 0$bGPO 801 1$bGPO 906 $aBOOK 912 $a9910707645203321 996 $aAssessment study of RELAP5$93535967 997 $aUNINA